Kennedy's brain / (Record no. 4458)

000 -LEADER
fixed length control field 01268cam a2200361 a 4500
001 - CONTROL NUMBER
control field 14916251
003 - CONTROL NUMBER IDENTIFIER
control field OSt
005 - DATE AND TIME OF LATEST TRANSACTION
control field 20251128101316.0
008 - FIXED-LENGTH DATA ELEMENTS--GENERAL INFORMATION
fixed length control field 070705s2007 nyu 000 1 eng
010 ## - LIBRARY OF CONGRESS CONTROL NUMBER
LC control number 2007027651
020 ## - INTERNATIONAL STANDARD BOOK NUMBER
International Standard Book Number 9781595581846
Qualifying information hc.
020 ## - INTERNATIONAL STANDARD BOOK NUMBER
International Standard Book Number 1595581847
Qualifying information hc.
035 ## - SYSTEM CONTROL NUMBER
System control number 14916251
035 ## - SYSTEM CONTROL NUMBER
System control number (OCoLC)154309109
040 ## - CATALOGING SOURCE
Original cataloging agency DLC
Transcribing agency DLC
Modifying agency YDX
-- BTCTA
-- BAKER
-- SPP
-- ON8
-- JQF
-- YDXCP
-- DLC
041 1# - LANGUAGE CODE
Language code of text/sound track or separate title eng
Language code of original and/or intermediate translations of text swe
050 00 - LIBRARY OF CONGRESS CALL NUMBER
Classification number PT9876.K461 2007
082 00 - DEWEY DECIMAL CLASSIFICATION NUMBER
Classification number 839.73/74
Edition number 22
100 1# - MAIN ENTRY--PERSONAL NAME
Personal name Mankell, Henning,
Dates associated with a name 1948-2015.
245 10 - TITLE STATEMENT
Title Kennedy's brain /
Statement of responsibility, etc Henning Mankell
260 ## - PUBLICATION, DISTRIBUTION, ETC. (IMPRINT)
Place of publication, distribution, etc New York :
Name of publisher, distributor, etc New Press :
-- Distributed by W.W. Norton,
Date of publication, distribution, etc 2007.
300 ## - PHYSICAL DESCRIPTION
Extent 328 p. ;
Dimensions 24 cm.
650 #0 - SUBJECT ADDED ENTRY--TOPICAL TERM
Topical term or geographic name as entry element Archaeologists
Form subdivision Fiction.
650 #0 - SUBJECT ADDED ENTRY--TOPICAL TERM
Topical term or geographic name as entry element AIDS (Disease)
General subdivision Patients
Form subdivision Fiction.
650 #0 - SUBJECT ADDED ENTRY--TOPICAL TERM
Topical term or geographic name as entry element Children
General subdivision Death
Form subdivision Fiction.
655 #7 - INDEX TERM--GENRE/FORM
Genre/form data or focus term Fiction.
Source of term lcgft
700 1# - ADDED ENTRY--PERSONAL NAME
Personal name Thompson, Laurie,
Dates associated with a name 1938-2015.
856 41 - ELECTRONIC LOCATION AND ACCESS
Materials specified Table of contents only
Uniform Resource Identifier <a href="http://www.loc.gov/catdir/toc/ecip0722/2007027651.html">http://www.loc.gov/catdir/toc/ecip0722/2007027651.html</a>
906 ## - LOCAL DATA ELEMENT F, LDF (RLIN)
a 7
b cbc
c orignew
d 1
e ecip
f 20
g y-gencatlg
942 ## - ADDED ENTRY ELEMENTS (KOHA)
Source of classification or shelving scheme
Koha item type Fiction and Non- Fiction novels
Holdings
Withdrawn status Lost status Source of classification or shelving scheme Damaged status Not for loan Home library Current library Shelving location Date acquired Total Checkouts Full call number Barcode Date last seen Price effective from Koha item type
          Riara University Library Riara University Library Leisure Reading 28/11/2025   PT9876.K461 2007 10855/25 28/11/2025 28/11/2025 Fiction and Non- Fiction novels

Riara University Library,
P.O. Box 49940-00100,
Nairobi, Kenya.